| 000 | 02563nam a2200301Ia 4500 | ||
|---|---|---|---|
| 008 | 130821s2004 xx gs spa | ||
| 041 | 0 | 0 | _aspa |
| 092 | _aDVD 0426 | ||
| 245 | 0 | 3 |
_aEl abrazo partido _c[DVD] |
| 260 |
_a[Lugar desconocido] _bBd Cine; Paradise Films; Storie; Wanda Vision _c2004 |
||
| 300 | _a1 DVD | ||
| 500 | _aSINOPSIS: Ariel (Daniel Hendler) es un "adolescente tardío", que vive en la Argentina de hoy, en un ambiente de confusión y decadencia, donde todo a su alrededor se transforma en otra cosa, en una desesperada búsqueda por la supervivencia. En esta transformación, muchos retoman sus orígenes, pero no como una reafirmación de la identidad, si no con objetivos "burocráticos", como conseguir un pasaporte de alguna nacionalidad ancestral, que haga de salvoconducto al paraíso europeo, la construcción de una esperanza posible. Pero hay un hecho en su vida que determina su punto de vista sobre todas las cosas. Un padre héroe, que abandona a su familia por un ideal. Un dilema moral insoportable, una pensamiento obsesivo que lo ciega. Pero entonces la verdad se transforma, como todo a su alrededor. El padre vuelve, con verdades nuevas, con otra historia, que ahora también es la suya. "El abrazo partido" intenta reflejar el camino de la construcción de una identidad, construida en base a pequeñas anécdotas, trágicas y cómicas, verdades y mentiras | ||
| 508 | _aCREDITOS: Dirección, Daniel Burman; Dirección artística, María Eugenia Sueiro; Fotografía, Ramiro Civita; Guión: Marcelo Birmajer y Daniel Burman; Montaje, Alejandro Broder-sohn; Música, Cesar Lerner; Producción: Diego Dubcovsky y Daniel Burman; Vestuario, Roberta Pesci. | ||
| 511 | _aDaniel Hendler (Ariel), Sergio Boris (Joseph), Adriana Aizemberg (Sonia), Jorge D'Elia (Elias), Rosita Londner (Abuela de Ariel), Diego Korol (Mitelman), Silvina Bosco (Rita), Melina Petriella (Estela), Isaac Fain (Osvaldo), Aitilio Pozzobon (Saligani). | ||
| 546 | _aAudio en Español. Subtítulos en Inglés, Portugués, y Español. | ||
| 650 | 0 | 4 |
_aAdolescentes en el cine _98633 |
| 650 | 0 | 4 |
_aEntretenimiento _926487 |
| 650 | 0 | 4 |
_aPelículas cinematográficas _zArgentina _vDVD _97903 |
| 650 | 0 | 4 |
_aRelaciones familiares _vDVD _98041 |
| 650 | 0 | 4 |
_aSociología _9386 |
| 700 | 1 |
_aBurman, Daniel _d1973 _edir. |
|
| 710 | 2 | _aBd Cine | |
| 710 | 2 | _aParadise Films | |
| 710 | 2 | _aStorie | |
| 710 | 2 | _aWanda Vision | |
| 856 | 0 | 4 |
_uhttp://www.youtube.com/watch?v=qHvys9ERRkg _zSiga este vínculo para ver el trailer. |
| 942 |
_cMULTIMEDIA _2LOCAL _a27 _e1 |
||
| 999 |
_c60312 _d60312 |
||